| 000 | 00480nam a22001817a 4500 | ||
|---|---|---|---|
| 003 | NUST - PNEC | ||
| 005 | 20170116181155.0 | ||
| 008 | 160111b xxu||||| |||| 00| 0 eng d | ||
| 020 | _a- | ||
| 040 | _cLIBRARY | ||
| 082 | _a658.404 FRA | ||
| 100 |
_915817 _aFrame J. Davidson |
||
| 245 |
_aProject management certification examination study notebook _cJ. Davidson Frame |
||
| 250 | _a- | ||
| 260 | _cc.1992 | ||
| 650 |
_915819 _aProject Management _xMIS |
||
| 942 |
_2ddc _cBK |
||
| 999 |
_c71152 _d71152 |
||